000 00256nam a2200109Ia 4500
008 221102s9999 xx 000 0 und d
041 _aeng
082 _bR.K
100 _aR.K. Narayan
245 _aMalgudi days
260 _bIndian Thought pub
_c1905-07-02
999 _c81939
_d81939